| 000 | 00783nam a2200181 i 4500 | ||
|---|---|---|---|
| 001 | 167010 | ||
| 003 | ES-MaACL | ||
| 005 | 20230906213437.0 | ||
| 008 | 011003s1871 sp a |||| | spa d | ||
| 040 |
_aCCPB | B _bspa _cCCPB | B |
||
| 100 | 1 |
_aVarona y Olarte, Cándido. _9133563 |
|
| 245 | 1 | 3 |
_aLa guerra entre Francia y Alemania en 1870-1871 _b: estudio militar / _cpor Cándido Varona y Olarte ; con un prólogo de Arturo Cotarelo. |
| 260 |
_aMadrid : _b[s.n.], _c1871 ( _fEstablecimiento tipográfico de R. Vicente) |
||
| 300 |
_a454 p. : _bil. ; _c19 cm. |
||
| 650 | 4 |
_aGuerra franco-prusiana, 1870-1871. _9136210 |
|
| 700 | 0 |
_aCotarelo, Arturo. _941165 |
|
| 852 |
_aES-MaACL _jD-2342 _z-- Rust. deteriorada _z-- Legado M. de la Fuente _x-- Edic.: 155 p., [2] h. pleg. de mapas |
||
| 999 |
_c167010 _d167010 |
||